000 00788nam a2200253Ia 4500
003 OSt
005 20260105163443.0
008 220923b |||||||| |||| 00| 0 eng d
020 _a0415079411
037 _cGeneral Book
040 _aRTL
_cRTL
_beng
041 _2eng
_aeng
084 _aY:3(S51), N4
_qRTL
245 0 _aDislocating masculinity: comparative ethnographies
260 _aLondon
_bRoutledge
_c1994
300 _ax, 236 p.
_bIncludes bibliographical references and index.
490 _aMale Orders
500 _aBibliography: P 214-32
650 _aMen Sociology
_9238037
700 _a Cornwall Andrea
_9280256
_eEditor
700 _aLindisfarne Nancy
_eEditor
_9861983
942 _hY:3(S51), N4
_cGB
_2CC
_n0
999 _c578494
_d578494